| 000 | 00528nam a22001697a 4500 | ||
|---|---|---|---|
| 003 | CEME | ||
| 005 | 20210628205226.0 | ||
| 008 | 210216b xxu||||| |||| 00| 0 eng d | ||
| 020 | _a81-7023-764-5 | ||
| 040 | _c. | ||
| 082 | _a515.35 SPE'R | ||
| 100 |
_aJaganathhan, R Rao, K. S Berghe, G. V _974468 |
||
| 245 | _aSpecial functions and differential equation proceedings of a workshop held at the institute of mathematical science | ||
| 260 |
_aNEWDELHI _bALLIED PUBLISHERS _c1998 |
||
| 300 | _aXXIII, 486P | ||
| 942 |
_cBK _2ddc |
||
| 999 |
_c579993 _d579993 |
||